| 000 | 01357nas a2200289 i 4500 | ||
|---|---|---|---|
| 001 | 22323 | ||
| 003 | ES-MaACL | ||
| 005 | 20250217134821.0 | ||
| 007 | t| | ||
| 008 | 021202c1968 sp | |0010||pa d | ||
| 022 | _a0424-8821 | ||
| 080 | _a929.7(460) | ||
| 245 | 0 | 0 |
_aElenco de grandezas y títulos nobibiliarios españoles / _crecopilado y redactado por Ampelio Alonso de Cadenas y López, Julio de Atienza, Barón de Cobos de Belchite, Vicente de Cadenas y Vicent. |
| 260 |
_aMadrid : _bInstituto Salazar y Castro, _c1968- |
||
| 300 |
_a22 v. ; _c17 cm. |
||
| 362 | 0 | _a1968- | |
| 500 | _aIndice. | ||
| 525 | _aEn 1982 y 1991 se publican dos apéndices como suplemento a la publicación, recopilados por Ampelio Alonso de Cadenas y López; el apéndice 1 lleva el título: Índice alfabético de apellidos del poseedor de la merced nobiliaria; el apéndice 2 lleva el título: Títulos vacantes y títulos extranjeros cuyo uso fue autorizado en España. | ||
| 651 | 4 |
_aEspaña- _xGenealogía. _98199 |
|
| 700 | 1 |
_aAtienza, Julio de _c, Barón de Cobos de Belchite. _923737 |
|
| 700 | 1 |
_aCadenas y Vicent, Vicente de. _933391 |
|
| 700 | 0 |
_aAlonso de Cadenas y López, Ampelio. _920284 |
|
| 710 | 2 |
_aInstituto Salazar y Castro. _95230 |
|
| 852 |
_aES-MaACL _jHEM-D-207 _xJ-67 _d |
||
| 866 | 0 | _o1968-1987, 1988-1990. | |
| 999 |
_c22323 _d22323 |
||